000 01444 a2200217 4500
001 54548
005 20260407155819.0
008 260407a1965 arg spa d
003 AR-UNSa-BCEJYS
040 _aAR-UNSa-BCEJYS
_bspa
_cAR-UNSa-BCEJYS
080 _a330.1
_xCiencia económica. Conceptos fundamentales de teoría económica. Valor. Capital. Fondos
245 1 0 _aEconomía
250 _a2a. ed.
264 1 _aMadrid :
_bEdiciones Rialp
_c1965
300 _a196 p.
_c18 cm.
505 _a1. El hombre frente al problema económico – 2. Soluciones voluntaristas del problema económico – 3. Soluciones naturalistas del problema económico – 4. Soluciones neovoluntarias del problema económico – 5. Significado de las distintas soluciones teóricas – 6. Fuerzas y resistencias frente al problema económico – 7. Aspiraciones contemporáneas para resolver el problema económico – 8. Enseñanza social de la iglesia y problema económico – 9. Economistas y políticos frente al problema económico. 1. Procesos económicos: generalidades – 2. Dinero, precios e interés – 3. Nomenclatura del macroanálisis – 4. Nomeclanclatura del microanálisis – 5. Terminología esotérica – 6. Procesos económicos atípicos – 7. La economía como ciencia: primeros pasos – 8. Keynesianismo monetarismo.
041 _aspa
942 _cBK
590 _aniveau_biblio:m niveau_hierar:0
100 1 _aFanfani, Amintore
999 _c5628
_d5628